Normal view
MARC view
Entry Uniform Title
001 - CONTROL NUMBER
- control field: 18095
003 - CONTROL NUMBER IDENTIFIER
- control field: ARRUPE
005 - DATE AND TIME OF LATEST TRANSACTION
- control field: 20150715123917.0
008 - FIXED-LENGTH DATA ELEMENTS
- fixed length control field: 150715|| aca||aabn | a|a d
040 ## - CATALOGING SOURCE
- Original cataloging agency: ARRUPE
- Transcribing agency: ARRUPE
130 ## - HEADING--UNIFORM TITLE
- Uniform title: Bible
- General subdivision: Criticism, interpretation, etc.
- Geographic subdivision: Great Britain
- General subdivision: History
- Chronological subdivision: 17th century
- Form subdivision: Congresses.
670 ## - SOURCE DATA FOUND
- Source citation: Work cat.: (ARRUPE)0: Newton and religion :, 1999.